Āfāq jadīdah lil-mudun / (Record no. 49425)

MARC details
000 -LEADER
fixed length control field 00889cam a22002771a 4500
001 - CONTROL NUMBER
control field ne 67000403
003 - CONTROL NUMBER IDENTIFIER
control field DLC
005 - DATE AND TIME OF LATEST TRANSACTION
control field 20260227111830.0
008 - FIXED-LENGTH DATA ELEMENTS--GENERAL INFORMATION
fixed length control field 940526s1966 ku acfh f000 0 arar
010 ## - LIBRARY OF CONGRESS CONTROL NUMBER
LC control number ne 67000403
035 ## - SYSTEM CONTROL NUMBER
System control number (OCoLC)30497297
040 ## - CATALOGING SOURCE
Original cataloging agency DLC
Transcribing agency MU
Modifying agency MU
-- DLC
041 0# - LANGUAGE CODE
Language code of text/sound track or separate title araeng
042 ## - AUTHENTICATION CODE
Authentication code premarc
050 00 - LIBRARY OF CONGRESS CALL NUMBER
Classification number HT151
Item number .S47
100 1# - MAIN ENTRY--PERSONAL NAME
Personal name Shiber, Saba George,
Dates associated with a name 1923-
245 10 - TITLE STATEMENT
Title Āfāq jadīdah lil-mudun /
Statement of responsibility, etc. [taʼlīf] Sābā Jūrj Shibir.
260 ## - PUBLICATION, DISTRIBUTION, ETC.
Place of publication, distribution, etc. [al-Kuwayt :
Name of publisher, distributor, etc. Maṭbaʻat Hukūmat al-Kuwayt,
Date of publication, distribution, etc. 1966]
300 ## - PHYSICAL DESCRIPTION
Extent 222 p., [4] p. of plates :
Other physical details ill. (some col.), facsim., ports. ;
Dimensions 24 cm.
500 ## - GENERAL NOTE
General note Romanized record.
500 ## - GENERAL NOTE
General note Added t.p.: New city horizons for old [by] Saba G. Shiber.
500 ## - GENERAL NOTE
General note Arabic and English.
650 #0 - SUBJECT ADDED ENTRY--TOPICAL TERM
Topical term or geographic name entry element Cities and towns.
650 #0 - SUBJECT ADDED ENTRY--TOPICAL TERM
Topical term or geographic name entry element Cities and towns
General subdivision Growth.
740 0# - ADDED ENTRY--UNCONTROLLED RELATED/ANALYTICAL TITLE
Uncontrolled related/analytical title New city horizons for old.

No items available.

Powered by Koha